000 00308nam a22001337a 4500
008 170401b xxu||||| |||| 00| 0 eng d
020 _a9780742527690
041 _aeng
080 _a574
100 _a9
101 _aSHM
245 _aAGRICULTURAL POLICY AND THE ENVIRONMENT
_cMEINERS, R.E
942 _2udc
_cBK
999 _c9428
_d9428